<?xml version="1.0" encoding="UTF-8"?>
<record
    xmlns:xsi="http://www.w3.org/2001/XMLSchema-instance"
    xsi:schemaLocation="http://www.loc.gov/MARC21/slim http://www.loc.gov/standards/marcxml/schema/MARC21slim.xsd"
    xmlns="http://www.loc.gov/MARC21/slim">

  <leader>01719    a2200229   4500</leader>
  <controlfield tag="001">54398</controlfield>
  <controlfield tag="005">20260407155817.0</controlfield>
  <controlfield tag="008">260407a1997    arg                 spa d</controlfield>
  <controlfield tag="003">AR-UNSa-BCEJYS</controlfield>
  <datafield tag="040" ind1=" " ind2=" ">
    <subfield code="a">AR-UNSa-BCEJYS</subfield>
    <subfield code="b">spa</subfield>
    <subfield code="c">AR-UNSa-BCEJYS</subfield>
  </datafield>
  <datafield tag="080" ind1=" " ind2=" ">
    <subfield code="a">327</subfield>
    <subfield code="x">Relaciones internacionales. Pol&#xED;tica internacional. Asuntos internacionales. Pol&#xED;tica exterior
</subfield>
  </datafield>
  <datafield tag="245" ind1="1" ind2="0">
    <subfield code="a">El extremismo pol&#xED;tico en Alemania</subfield>
  </datafield>
  <datafield tag="020" ind1=" " ind2=" ">
    <subfield code="a">84-7432-637-0</subfield>
  </datafield>
  <datafield tag="264" ind1=" " ind2="1">
    <subfield code="a">Barcelona :</subfield>
    <subfield code="b">Gedisa</subfield>
    <subfield code="c">1997</subfield>
  </datafield>
  <datafield tag="300" ind1=" " ind2=" ">
    <subfield code="a">356 p.</subfield>
    <subfield code="c">20 cm.</subfield>
  </datafield>
  <datafield tag="505" ind1=" " ind2=" ">
    <subfield code="a">1. El desempleo y los &#xE9;xitos electorales del nacionalsocialismo &#x2013; 2. &#xBF;&#x201D;Propensi&#xF3;n&#x201D; de los empleados &#x2013; &#x201C;Inmunidad&#x201D; de los obreros? Mitos sobre los votantes del NSDAP &#x2013; 3. &#xBF;Fue el NSDAP el primer partido popular alem&#xE1;n? &#x2013; 4. Los &#x201C;ca&#xED;dos de marzo&#x201D; de 1933. Nuevos resultados de la investigaci&#xF3;n sobre el cambio social en el NSDAP como consecuencia de la &#x201C;toma del poder&#x201D; &#x2013; 5. La hip&#xF3;tesis de la historia. &#xBF;Cu&#xE1;ntos nacionalsocialismos convencidos hubo? &#x2013; 6. Viejas y nuevas orientaciones de los partidos: las elecciones federales de 1949. Entre la continuidad y un nuevo comienzo &#x2013; 7. La base popular de la extrema derecha en Europa: un an&#xE1;lisis comparativo &#x2013; 8. Conflictos pol&#xED;ticos, comportamiento electoral y estructura de la competencia partidista &#x2013; 9. Los votantes del PDS en las elecciones federales de 1994. Entre la ideolog&#xED;a, la nostalgia y la protesta &#x2013; 10. Siglas de los partidos pol&#xED;ticos &#x2013; 11. T&#xED;tulos de los originales alemanes y lugar de su publicaci&#xF3;n. </subfield>
  </datafield>
  <datafield tag="942" ind1=" " ind2=" ">
    <subfield code="c">BK</subfield>
  </datafield>
  <datafield tag="590" ind1=" " ind2=" ">
    <subfield code="a">niveau_biblio:m niveau_hierar:0</subfield>
  </datafield>
  <datafield tag="100" ind1="1" ind2=" ">
    <subfield code="a">Falter, J&#xFC;rgen W.</subfield>
  </datafield>
  <datafield tag="700" ind1="1" ind2=" ">
    <subfield code="a">Garz&#xF3;n Vald&#xE9;s, Ernesto</subfield>
  </datafield>
  <datafield tag="700" ind1="1" ind2=" ">
    <subfield code="a">Zimmerling, Ruth</subfield>
  </datafield>
  <datafield tag="999" ind1=" " ind2=" ">
    <subfield code="c">5555</subfield>
    <subfield code="d">5555</subfield>
  </datafield>
  <datafield tag="952" ind1=" " ind2=" ">
    <subfield code="0">0</subfield>
    <subfield code="1">0</subfield>
    <subfield code="4">0</subfield>
    <subfield code="7">0</subfield>
    <subfield code="a">BCEJYS</subfield>
    <subfield code="b">BCEJYS</subfield>
    <subfield code="c">16</subfield>
    <subfield code="d">2026-04-07</subfield>
    <subfield code="l">0</subfield>
    <subfield code="o">327 F177</subfield>
    <subfield code="p">L85625</subfield>
    <subfield code="r">2026-04-07 15:58:17</subfield>
    <subfield code="w">2026-04-07</subfield>
    <subfield code="y">L</subfield>
  </datafield>
</record>
